Acciones y actores locales para cambios globales : (Registro nro. 8475)

Detalles MARC
000 -CABECERA
Campo de control 01001nam a22002657a 4500
005 - FECHA Y HORA DE LA ULTIMA TRANSACCION
Campo de control 20150122103254.0
008 - ELEMENTOS DE LONGITUD FIJA—INFORMACION GENERAL
Campo de control 130830s2012 ck a gr 00010 spa d
020 ## - ISBN
ISBN 9789589932346
040 ## - FUENTE DE CATALOGACIÓN
Agencia catalogadora original CO-BoIAVH
Agencia transcriptora CO-BoIAVH
041 0# - IDIOMA
Código de idioma para texto/pista de sonido o título separado Español
044 ## - PAÍS DE PUBLICACIÓN
País de publicación Colombia
082 04 - NUMERO DE CLASIFICACION DECIMAL DEWEY
Número de clasificación 363.738
Número del ítem A17a
245 00 - MENCION DE TITULO
Título Acciones y actores locales para cambios globales :
Parte restante del título ciudades y cambio climático /
Mención de responsabilidad compiladores Fabrice Richy, Ricardo Montezuma.
260 ## - PUBLICACION, DISTRIBUCION, ETC. (PIE DE IMPRENTA)
Lugar de publicación, distribución, etc. Bogotá
Nombre del editor, distribuidor, etc. Organización Panamericana de la Salud :
-- Fundación Ciudad Humana,
Fecha de publicación, distribución, etc. [2012?]
300 ## - DESCRIPCION FISICA
Extensión 243 p. :
Otros detalles físicos il. ;
Dimensiones 22 x 29 cm.
504 ## - NOTA DE BIBLIOGRAFIA, ETC.
Nota de bibliografía Incluye bibliografías.
630 10 - ASIENTO SECUNDARIO DE MATERIA - TITULO UNIFORME
Uniform title Pacto de Ciudad de México.
650 #4 - ASIENTO SECUNDARIO DE MATERIA - TERMINO TEMATICO
Término temático o nombre geográfico como elemento de entrada Cambios climáticos.
650 ## - ASIENTO SECUNDARIO DE MATERIA - TERMINO TEMATICO
Término temático o nombre geográfico como elemento de entrada Calentamiento global.
650 #4 - ASIENTO SECUNDARIO DE MATERIA - TERMINO TEMATICO
Término temático o nombre geográfico como elemento de entrada Ciudades y pueblos
Subdivisión general Aspectos ambientales.
650 #4 - ASIENTO SECUNDARIO DE MATERIA - TERMINO TEMATICO
Término temático o nombre geográfico como elemento de entrada Cambios climáticos.
Subdivisión general Prevención.
700 1# - ASIENTO SECUNDARIO - NOMBRE PERSONAL
Nombre personal Montezuma, Ricardo,
Término de relación comp.
700 1# - ASIENTO SECUNDARIO - NOMBRE PERSONAL
Nombre personal Richy, Fabrice,
Término de relación comp.
942 ## - ELEMENTOS ADICIONALES (KOHA)
Sistema de clasificación Dewey Decimal Classification
Tipo de ítem Impreso
Existencias
Withdrawn status Lost status Sistema de Clasificación Damaged status No para préstamo Colección Inventariado Ubicación Permanente Ubicación actual Fecha de adquisición Fuente de Valor Valor Total Checkouts Número topográfico Inventario / Código de Barras Date last seen Ejemplar Price effective from Forma de adquisición Tipo de material
    Dewey Decimal Classification     General Inventariado 2017 Sala Fabio Quevedo Sala Fabio Quevedo 06/06/2014 Instituto 39000.00   LB-363.738 A17a 038081 06/06/2014 Ej. 1 06/06/2014   Libro